|
|
|
|
| LEADER |
00000nam a2200000 a 4500 |
| 001 |
vtls010560423 |
| 003 |
SK-MaSNL |
| 005 |
20260302021111.0 |
| 008 |
160610s2013 xo oda e n 000 0 slo |
| 015 |
|
|
|a SNBA2013/12
|
| 020 |
|
|
|a 9788055407579 (brož.)
|
| 035 |
|
|
|a 986C2F9E-DDF1-46D3-A90B-9B690FD6354C
|
| 035 |
|
|
|a urn:nbn:sk:snk-amky28
|
| 035 |
|
|
|a urn:nbn:sk:snk-am008qhl
|
| 040 |
|
|
|a SNK
|b slo
|c SNK
|e AACR2
|
| 041 |
0 |
|
|a slo
|a cze
|b cze
|b eng
|b slo
|
| 044 |
|
|
|a xo
|c SK
|
| 072 |
|
7 |
|a 347.9
|x Občianske súdne konanie. Súdnictvo
|2 konspekt
|
| 080 |
|
|
|a 347.948
|2 2001
|
| 080 |
|
|
|a 347.948:35.073.534
|2 2001
|
| 080 |
|
|
|a (082)
|2 2001
|
| 080 |
|
|
|a 330.4
|2 2001
|
| 245 |
0 |
0 |
|a Aktuálne problémy znalca-ekonóma v procese znaleckého dokazovania pred súdmi a inými orgánmi verejnej moci
|b zborník vedeckých statí
|c [zostavovateľ: Iveta Sedláková]
|
| 250 |
|
|
|a [1. vyd.]
|
| 260 |
|
|
|a Žilina
|b Žilinská univerzita
|b Edis
|c 2013
|
| 300 |
|
|
|a 135 s.
|b fotogr., grafy, sch., tab.
|c 21 cm
|
| 366 |
|
|
|e 100 výt.
|
| 504 |
|
|
|a Bibliogr. odkazy ; pozn.
|
| 546 |
|
|
|a Čiast. text v češ. Res. angl., čes., slov.
|
| 650 |
0 |
7 |
|a súdni znalci
|2 SNKPH
|9 23925
|
| 650 |
0 |
7 |
|a Expert witnesses
|2 SNKPHeng
|9 335816
|
| 650 |
0 |
7 |
|a znalecká činnosť
|2 SNKPH
|9 70117
|
| 650 |
0 |
7 |
|a Expert witness work
|2 SNKPHeng
|9 275772
|
| 650 |
0 |
7 |
|a Expert evidence
|2 SNKPHeng
|9 335817
|
| 650 |
0 |
7 |
|a znalecké posudky
|2 SNKPH
|9 3654
|
| 650 |
0 |
7 |
|a ekonomická analýza
|2 SNKPH
|9 76011
|
| 650 |
0 |
7 |
|a Economic analysis
|2 SNKPHeng
|9 119674
|
| 655 |
|
7 |
|a zborníky
|2 SNKPH
|9 70165
|
| 655 |
|
7 |
|a Papers of several authors
|2 SNKPHeng
|9 153738
|
| 700 |
1 |
|
|a Sedláková, Iveta,
|d 1966-
|4 aut
|9 215996
|
| 919 |
|
|
|a 978-80-554-0757-9
|
| 958 |
|
|
|a NB
|
| 999 |
|
|
|c 1027509
|d 1029439
|
| 952 |
|
|
|a SNK
|b SNK
|y PREZ
|7 0
|p 17A1093305
|o snkSC 157088
|i snk2013/28898
|8 0
|0 0
|1 0
|4 0
|d 2013-11-25
|f 1
|l 0
|r 2025-08-19 00:00:00
|w 2026-02-24
|
| 952 |
|
|
|a SNK
|b SNK
|y VYP
|7 0
|p 17A1082708
|o snkSC 157088 D1
|i snk2013/28900
|8 0
|0 0
|1 0
|4 0
|d 2013-11-25
|l 0
|r 2026-02-24 13:44:04
|w 2026-02-24
|